90 écrivains - Statistiques

Statistiques générales
  • Ce quiz a été pris 183 fois
  • Le résultat moyen est 21 sur 90
Statistiques - réponses
Œuvre 1 Œuvre 2 Auteur % Correct
Les Fourberies de Scapin Le Mariage forcé Molière
88%
Poème sur le désastre de Lisbonne Zadig ou la Destinée Voltaire
83%
Cyrano de Bergerac Les Musardises Edmond Rostan
80%
Promenades à Rome La Chartreuse de Parme Stendhal
79%
Vol de nuit Terre des hommes Antoine de Saint-Exupéry
76%
Britannicus Athalie Jean Racine
73%
Le Temps retrouvé Les Plaisirs et les Jours Marcel Proust
72%
Salammbô À bord de la Cange Gustave Flaubert
67%
Les Mains du miracle Le Lion Joseph Kessel
67%
Pierre et Jean Une vie Guy de Maupassant
65%
La Belle au bois dormant Les Fées Charles Perrault
63%
Tartarin de Tarascon Le Curé de Cucugnan Alphonse Daudet
61%
Chronique de l'hôpital. L'Ennui, là Poèmes saturniens Paul Verlaine
59%
On ne saurait penser à tout Lorenzaccio Alfred de Musset
58%
Une saison en enfer Les Illuminations Arthur Rimbaud
57%
Les Amours de deux bêtes Le Lys dans la vallée Honoré de Balzac
48%
L'Horizon à l'envers Et si c'était vrai… Marc Levy
48%
La Possibilité d'une île Sérotonine Michel Houellebecq
47%
Mémoires d'un âne Un bon petit diable Comtesse de Ségur
45%
Atala Vie de Rancé François-René Chateaubriand
45%
Les Paradis artificiels L'Art romantique Charles Baudelaire
44%
Vingt Ans après Les Mohicans de Paris Alexandre Dumas (père)
43%
L'Attaque du Moulin La Faute de l'abbé Mouret Émile Zola
43%
Les Travailleurs de la mer Les Rayons et les Ombres Victor Hugo
41%
Les Caractères ou les Mœurs de ce siècle Dialogues sur le Quiétisme Jean de La Bruyère
39%
Poésies I Les Chants de Maldoror Comte de Lautréamont
37%
Claudine en ménage Chambre d'hôtel Colette
36%
La Comtesse de Tende La Princesse de Montpensier Madame de La Fayette
36%
Discours de la servitude volontaire Œuvres complètes Étienne de La Boétie
33%
Le Marin de Gibraltar L'Amant de la Chine du Nord Marguerite Duras
32%
Mademoiselle de Maupin Le Roman de la momie Théophile Gautier
32%
Le Diable et le Bon Dieu Le Mur Jean-Paul Sartre
31%
Graziella Méditations poétiques Alphonse de Lamartine
30%
Seras-tu là ? L'Appel de l'ange Guillaume Musso
28%
Casse-pipe D'un château l'autre Louis-Ferdinand Céline
23%
Cahier d'un retour au pays natal Une saison au Congo Aimé Cesaire
21%
Les Indes noires Une ville flottante Jules Verne
21%
La Porte étroite Le Voyage d'Urien André Gide
20%
Le Mariage de Peluque L'Eau des collines Marcel Pagnol
20%
La Place de l'Étoile L'Herbe des nuits Patrick Modiano
20%
Les Fruits d'or Pour un oui ou pour un non Nathalie Sarraute
18%
Les Chênes qu'on abat… La Voie royale André Malraux
17%
La Sunamite Corinne ou l'Italie Madame de Staël
16%
Brise Marine Pour un tombeau d'Anatole Stéphane Mallarmé
14%
Élégies Sonnets Louise Labé
12%
La Suite du Menteur Othon Pierre Corneille
12%
La Tapisserie de Notre-Dame Notre Jeunesse Charles Péguy
11%
Les Fleurs bleues Chêne et chien Raymond Queneau
11%
Lettres à un ami allemand L'Exil et le Royaume Albert Camus
10%
La Gloire de l'Empire Un Hosanna sans fin Jean d'Ormesson
10%
Les Voyageurs de l'impériale Blanche ou l'oubli Louis Aragon
8%
Nos frères farouches Histoires naturelles Jules Renard
7%
Le Lutrin Les Satires Nicolas Boileau
7%
Eupalinos ou l'Architecte Mon Faust Paul Valéry
7%
Escoufle Le Romand de la Rose Jean Renart
5%
Chronique du règne de Charles IX Les Âmes du purgatoire Prosper Mérimée
5%
Le Lit défait De guerre lasse Françoise Sagan
4%
Souffrances et bonheur du chrétien Un adolescent d'autrefois François Mauriac
3%
L'Invitation au château Ardèle ou la Marguerite Jean Anouilh
3%
La Marquise de Gange Aline et Valcour Marquis de Sade
3%
Les Vaisseaux du cœur La Part des choses Benoîte Groult
2%
L'Inconnue de Peyrolles L'Héritage de Clara Françoise Bourdin
2%
La Fin de Babylone Le Poète assassiné Guillaume Apollinaire
2%
La famille tuyau de poêle Choses et autres Jacques Prévert
2%
Sois un homme, papa Une femme en blanc Janine Boissard
2%
Les Rieurs du Beau-Richard Contes et nouvelles en vers Jean de La Fontaine
2%
Lais amoureus et de Nostre Dame Meliador Jean Froissart
2%
Ritournelle de la faim Le Livre des fuites Jean-Marie Gustave Le Clézio
2%
Les Désordres de l'amour Les Galanteries grenadines Madame de Villedieu
2%
La mort conduit l'attelage Les dieux ne sont pas morts Marguerite Yourcenar
2%
Exil La Gloire des Rois Saint-John Perse
2%
Tous les hommes sont mortels Quand prime le spirituel Simone de Beauvoir
2%
Le Visage émerveillé L'Ombre des jours Anna de Noailles
1%
La Maison d'un Artiste Les Frères Zemganno Edmond de Goncourt
1%
Le Grillon vert La Foi et la Montagne Jean Anglade
1%
Tristan le Roux Le Roman d’une femme Alexandre Dumas (fils)
0%
Vie et mort du beau Frou La Guerre des filles Christiane Singer
0%
Fleur d'agonie Le Seigneur des chevaux Christine de Rivoyre
0%
La réunion patriotique vo Minerve à Toulon Maniclo Étienne Pélabon
0%
Le Fils de l'homme Les Arbres et les Pierres François Mauriac
0%
Les Maîtres mosaïstes Légendes rustiques George Sand
0%
Odes sacrées La Ceinture magique Jean-Baptiste Rousseau
0%
La Bonne Hélène Petites Orientales Jules Lemaître
0%
Rayons perdus Les Saintes Colères Louisa Siefert
0%
L’Atelier de Marie-Claire Douce Lumière Marguerite Audoux
0%
Celle qu'on n'épouse pas L'Éducation amoureuse Paul Alexis
0%
Les Trois Peines d'un rossignol Terre d'Espagne René Bazin
0%
Légende d'Âmes et de Sangs De la poésie scientifique René Ghil
0%
Élisabeth ou les Exilés de Sibérie Amélie Mansfield Sophie Cottin
0%
Hirondelles de plages Deux amateurs de femmes Tristan Bernard
0%
Aucun quiz correspondant
Distribution des résultats
% des personnes avec chaque résultat
Percentile par nombre de réponses
Votre historique - résultats
Vous n’avez pas pris ce quiz